000 00440nam a2200169Ia 4500
005 20250317122733.0
008 008 250317s9999 xx 000 0 eng d
037 _aVideo
040 _aFMSL
_beng
_cFMSL
041 _aeng
_2eng
084 _qFMSL
100 _aKAPILA
245 0 _aIndia's economy in the 21st century
260 _aNew Delhi
_bNew Delhi, Academic Foundation
_c2001
942 _cTB
999 _c1248430
_d1248430